Biopalivá ako zdroj elektrickej energie

Saved in:
Bibliographic Details
Main Author: Šišoláková, Lucia (Author)
Other Authors: Janíček, František (Thesis advisor)
Format: Manuscript Book
Language:Slovak
Published: Bratislava : STU v Bratislave FEI, 2023
Subjects:
Online Access:https://opac.crzp.sk/?fn=detailBiblioFormChildY60D7&sid=74EB4C9215C2376F59B14FDF2716&seo=CRZP-detail-kniha
Tags: Add Tag
No Tags, Be the first to tag this record!

MARC

LEADER 00000ntm a22000003a 4500
001 stuzp91270
003 SK-STU
005 20241118100552.6
007 ta
008 150427s2015----xo-----f-mn---000-0-slo-d
040 |a STU  |b slo 
041 0 |a slo 
044 |a xo 
100 1 |a Šišoláková, Lucia  |u 032000  |k Z4  |4 aut  |U FEI Fakulta elektrotechniky a informatiky  |T FEI Ústav elektroenergetiky a aplikovanej elektrotechniky  |X 111544  |U E020  |Y 548  |7 111544 
242 0 1 |a Biofuels as a source of electrical energy  |y eng 
245 1 0 |a Biopalivá ako zdroj elektrickej energie 
260 |a Bratislava :  |b STU v Bratislave FEI,  |c 2023 
300 |a 58 s. 
650 4 |a bioplynové stanice  |2 slo 
650 4 |a bioplyn  |2 slo 
650 4 |a obnoviteľný zdroj energie  |2 slo 
650 4 |a biomasa  |2 slo 
650 4 |a biopalivo  |2 slo 
650 4 |a biomass  |2 eng 
650 4 |a biogas  |2 eng 
650 4 |a biogas station  |2 eng 
650 4 |a biofuel  |2 eng 
650 4 |a renewable energy source  |2 eng 
700 1 |a Janíček, František  |u 032000  |k Z1  |4 ths  |U FEI Fakulta elektrotechniky a informatiky  |T FEI Ústav elektroenergetiky a aplikovanej elektrotechniky  |X 1958  |U E020  |Y 548  |7 A000001958 
856 4 |u https://opac.crzp.sk/?fn=detailBiblioFormChildY60D7&sid=74EB4C9215C2376F59B14FDF2716&seo=CRZP-detail-kniha